000 00615cam a22002053a 4500
001 39021
003 PGUSA
005 20140828083849.0
008 120301s2012||||xxu|||||s|||||000 | eng d
040 _aPGUSA
_beng
042 _adc
100 1 _aHungerford, Edward,
_d1875-1948
245 1 4 _aThe Story of the Rome, Watertown, and Ogdensburg RailRoad
_h[electronic resource] /
_cEdward Hungerford
260 _bProject Gutenberg,
_c2012
506 _aPublic domain in the USA.
516 _aElectronic text
830 0 _aProject Gutenberg
_v39021
856 4 0 _uhttp://www.gutenberg.org/ebooks/39021
942 _cEB
999 _c268274
_d268274